Mezinárodní distribuční politika

Charakteristika distribučnej politiky v rámci marketingového mixu. Faktory ovplyvňujúce voľbu distribučnej politiky. Vývojové trendy v medzinárodnej distribúcii.

Gespeichert in:
Bibliographische Detailangaben
1. Verfasser: Machková, Hana
Format: Buchkapitel
Sprache:Tschechisch
Schlagworte:
Tags: Tag hinzufügen
Keine Tags, Fügen Sie das erste Tag hinzu!

MARC

LEADER 00000naa a2200000 4500
001 r039166
005 20230908092328.4
041 0 |a cze 
044 |a CZ 
245 1 0 |a Mezinárodní distribuční politika  |c Hana Machková 
520 |a Charakteristika distribučnej politiky v rámci marketingového mixu. Faktory ovplyvňujúce voľbu distribučnej politiky. Vývojové trendy v medzinárodnej distribúcii. 
610 2 0 |a distribúcia 
610 2 0 |a obchod medzinárodný 
610 2 0 |a politika obchodná 
610 2 0 |a marketing mix 
610 2 0 |a stratégia marketingová 
610 2 0 |a cesty odbytové 
610 2 0 |a maloobchod 
610 2 0 |a logistika 
100 1 |a Machková, Hana